00225nam a2200085Ia 4500008004100000082001800041100001900059245005300078300000800131210430s9999 xx 000 0 und d a668.9 F8971 P aJoel R. Fried  aPolymer Science and Technology /cJoel R. Fried  a505